پر یم چند کے سما جی نظر یا ت : (Record no. 71341)

MARC details
000 -LEADER
fixed length control field 01044nam a22002177a 4500
005 - DATE AND TIME OF LATEST TRANSACTION
control field 20200203145155.0
010 ## - LCCN (DPL NO)
LC control number UR-7877,B-429050-054
020 ## - INTERNATIONAL STANDARD BOOK NUMBER
Terms of availability 250.00
International Standard Book Number 8182232856
020 ## - INTERNATIONAL STANDARD BOOK NUMBER
Terms of availability 250.00
International Standard Book Number 9788182237490
035 ## - SYSTEM CONTROL NUMBER
System control number U-6432,B-429050-054
037 ## - SOURCE OF ACQUISITION
Source of stock number/acquisition BPPD/ Educational Publishining House
082 ## - DEWEY DECIMAL CLASSIFICATION NUMBER
Classification number 840.08
100 ## - MAIN ENTRY--PERSONAL NAME
Personal name امین احسن
245 ## - TITLE STATEMENT
Title پر یم چند کے سما جی نظر یا ت :
Remainder of title نا و لو ں کی ر و شنی میں /
Statement of responsibility, etc امین احسن
246 ## - VARYING FORM OF TITLE
Title proper/short title Prem Chand Ke Samaji Nazariyat:Novelon Ki Roshani Mein /
Remainder of title by Ameen Ahsan
260 ## - PUBLICATION, DISTRIBUTION, ETC. (IMPRINT)
Place of publication, distribution, etc د ہلی
Name of publisher, distributor, etc ایجوکیشنل پبلشنگ ہاؤس
Date of publication, distribution, etc 2010 ء
270 ## - ADDRESS
Address 3108, Vakil Street, Kucha Pandit, Lal Kuan
City Delhi
Postal code 110006
Telephone number 011-23216162,23214465
Fax number 0091-11-23211540
Electronic mail address www.ephbooks.com
300 ## - PHYSICAL DESCRIPTION
Extent 268ص
Dimensions 22cm(Hb)
942 ## - ADDED ENTRY ELEMENTS (KOHA)
Source of classification or shelving scheme Dewey Decimal Classification
Item type Urdu Bks
Call number suffix ا م ی
Classification part 840.08
Holdings
Withdrawn status Lost status Not for loan Collection code Home library Current library Date acquired Source of acquisition Cost, normal purchase price Full call number Barcode Copy number Cost, replacement price Koha item type
      Non-fiction Central Library Central Library 08/11/2012 KKPub./B.No.141-142/26.03.2011/BPPD/EOI/2010-11/7/86/204/30.03.11 250.00 840.08 ا م ی B-429050 1 250.00 Urdu Bks
      Non-fiction Central Library Central Library 08/11/2012 KKPub./B.No.141-142/26.03.2011/BPPD/EOI/2010-11/7/86/204/30.03.11 250.00 840.08 ا م ی B-429051 1   Urdu Bks
      Non-fiction Karol Bagh Karol Bagh 08/11/2012 KKPub./B.No.141-142/26.03.2011/BPPD/EOI/2010-11/7/86/204/30.03.11 250.00 840.08 ا م ی B-429053 1 250.00 Urdu Bks
      Non-fiction Patel Nagar Patel Nagar 08/11/2012 KKPub./B.No.141-142/26.03.2011/BPPD/EOI/2010-11/7/86/204/30.03.11 250.00 840.08 ا م ی B-429052 1 250.00 Urdu Bks
      Non-fiction Shahdara Branch Shahdara Branch 08/11/2012   250.00 840.08 ا م ی B-429054 1 250.00 Urdu Bks

© Delhi Public Library
Hit Counter
free hit counter